| 000 | 02133cam a22006374i 4500 | ||
|---|---|---|---|
| 003 | PE-LiUPU | ||
| 005 | 20250731170422.0 | ||
| 008 | 180611s2009 mx 0 r0 001 0 spa d | ||
| 020 | _a8491711422 | ||
| 020 | _a9788491711421 | ||
| 035 | _a(Sirsi) a248847 | ||
| 040 |
_aPE-LiUPU _bspa _cPE-LiUPU _erda |
||
| 049 | _aPRUA | ||
| 082 | 0 | 4 |
_a153 _bC78 _220 |
| 100 | 1 |
_aCorral Valera, Montserrat, _eautor. |
|
| 245 | 1 | 0 |
_aEvaluación neuropsicológica de la memoria / _cMontserrat Corral Varela. |
| 264 | 1 |
_aMadrid : _bSíntesis, _c2018. |
|
| 300 |
_a249 páginas ; _c23 centímetros. |
||
| 336 |
_atext _2rdacontent |
||
| 337 |
_aunmediated _2rdamedia |
||
| 338 |
_avolume _2rdacarrier |
||
| 490 | 0 |
_aColección Biblioteca de neuropsicología. Serie Guías prácticas de evaluación neuropsilógica ; _v35 |
|
| 504 | _aBibliografía : páginas 249. | ||
| 505 | 0 | _aAlteraciones de la memoria -- evaluación de la memoria: principios generales -- instrumentos de evaluación I: tes específicos -- instrumentos de evaluación II: baterías -- evaluación en poblaciones específicas -- informe neuropsicológico -- casos clínicos. | |
| 526 | _aSEG68 | ||
| 526 | _aSEG70 | ||
| 526 | _aSEG69 | ||
| 526 | _aSEG67 | ||
| 526 | _aSEG43 | ||
| 526 | _aP144 | ||
| 526 | _aP143 | ||
| 526 | _aP131 | ||
| 526 | _aP122 | ||
| 526 | _aP120 | ||
| 526 | _aP117 | ||
| 526 | _aP112 | ||
| 526 | _aP110 | ||
| 526 | _aP106 | ||
| 526 | _aP101 | ||
| 526 | _aP80 | ||
| 526 | _aP59 | ||
| 526 | _aP54 | ||
| 526 | _aP35 | ||
| 526 | _aP33 | ||
| 526 | _aP30 | ||
| 541 | _g002-00000084; | ||
| 650 | 0 | 4 | _aEvaluación. |
| 650 | 0 | 4 | _aNeuropsicilógica. |
| 650 | 0 | 4 | _aEvaluation. |
| 650 | 0 | 4 | _aNeuropsychology. |
| 910 |
_adbm _bksl _cksl _d20180611 |
||
| 942 |
_2ddc _cBOOK |
||
| 994 |
_aC0 _bPEPRU |
||
| 596 | _a1 | ||
| 999 |
_a153 C78 _wLC _c28474 _i78248 _d28474 _e2019-11-8 _f2021-11-3 _g4 _lCCODEBUL1 _mBUL _n9 _p30.61 _q3 _r0 _sY _tBOOK _u2018-6-11 _xSALUD _zP33 _0COMPRA _1FCOMPRA _o.STAFF. Colección Ciencias de la Salud |
||
| 980 |
_81 _gALBERTO SANCHEZ Responsable de Automatización |
||